| 000 | 00438nam a2200145Ia 4500 | ||
|---|---|---|---|
| 008 | 210210b1970 xxu||||| |||| 00| 0 eng d | ||
| 082 | _a621.381043 ALVU | ||
| 100 | _aALVAREZ (E Charles). | ||
| 245 | _aUsing the slide rule in electronic technology. | ||
| 260 |
_aBombay. _bD B T Sons & Co Pvt Ltd, _c1970 |
||
| 300 | _aviii,108 | ||
| 650 | _aSlide Rule Electronics Technology Measurement | ||
| 690 | _aElectronics | ||
| 906 | _a028114 | ||
| 999 |
_c79374 _d79374 |
||